MDQL
is popping MORE tags! Check the
thread
!
Quizzes
Events
Quiz Creation
Community
Videos
Private Events
Remove Ads
Sign In
Join for FREE
Feedback
Dark Mode
Quiz Categories
Sports
Geography
Music
Movies
Television
Just For Fun
Miscellaneous
History
Literature
Language
Science
Gaming
Entertainment
Religion
Holiday
For Kids
Quiz Lab
Recent
Popular Today
Quiz Kudos Today
Editor Picks
Curator Picks
Quizzes by...
Day
Popularity
Type
Ratings
Length
Year
Community
Subscriptions
Recent Discussions
Orange Saloon
Badges
Playlists
Quests
Create
Leaderboards
Showdown
Live 5
Trivia Bingo
Activity
Puzzle Library
Sporcle Events
Private Events
Virtual Trivia
Globe League
Become a Host
Pub Owners
SporcleCon
Opinionation
Our Games
Videos
Blog
Mobile Apps
Partnerships
Remove Ads and Go Orange
Feedback
Music
Pop Music
The Beatles
Song
Album
Lyrics
Bands
Singers
Artist
Clip
Rock
Rap
Classical
Billboard
Country Music
Kpop
Taylor Swift
Music
Pop Music
The Beatles
Song
Album
Lyrics
Bands
Singers
Artist
Clip
Rock
Rap
Classical
Billboard
Country Music
Kpop
Taylor Swift
Random Quiz
Search Sporcle
×
Quiz Lab
Quiz Lab
Music
King
Type in answers that appear in a list
Type in answers that appear in a list
Classic
Best Score? Go Orange.
One of Us lyrics Stats
Can you name the lyrics of the Lion King 2's 'One of Us'??
By
SporcleEXP
10m
164 Questions
1,054 Plays
1,054 Plays
1,054 Plays
Comments
Comments
Give Quiz Kudos
Give Quiz Kudos
-
- Ratings
hide this ad
Replay
Link that replays current quiz
Next Quiz
Link to next quiz in quiz playlist
You Got
0%
They Got
Avg Score
77%
Avg Friend Score
Upgrade to see
Score Distribution
Jump to the score distribution portion of the page
Score
0/164
Timer
10:00
0
Plays Today
One of Us
% Correct
on
97.2%
on
97.2%
He
95.4%
he
95.4%
He
95.4%
he
95.4%
he
95.4%
He
95.4%
He
95.4%
he
95.4%
He
95.4%
us
94.5%
us
94.5%
us
94.5%
us,
94.5%
us
94.5%
us
94.5%
us
94.5%
the
93.6%
the
93.6%
the
93.6%
the
93.6%
And
93.6%
And
93.6%
of
93.4%
of
93.4%
of
93.4%
of
93.4%
of
93.4%
one
93.3%
one
93.3%
one
93.3%
one
93.3%
not
91.4%
not
91.4%
not
91.4%
not
91.4%
not
91.4%
not
91.4%
is
90.9%
is
90.9%
is
90.9%
scar
90.3%
as
90.3%
as
90.3%
his
90.3%
as
90.3%
as
90.3%
scar
90.3%
his
90.3%
his
90.3%
for
89.9%
for
89.9%
for
89.9%
For
89.9%
One of Us
% Correct
for
89.9%
For
89.9%
Disgrace
89.8%
Disgrace,
89.8%
Disgrace,
89.8%
disgrace,
89.8%
disgrace
89.8%
face
89.6%
face
89.6%
Deception
86.8%
Deception,
86.8%
Deception,
86.8%
Deception,
86.8%
Deception,
86.8%
deception,
86.8%
Deception
86.8%
an
86.7%
an
86.7%
An
86.7%
shame!
85.8%
shame!
85.8%
shame!
85.8%
outrage!
85%
outrage!
85%
outrage!
85%
came
84.8%
came
84.8%
moment
84.4%
moment
84.4%
plain
84.3%
plain
84.3%
Evil
84.2%
Evil
84.2%
trouble
83.7%
trouble
83.7%
asked
81.6%
asked
81.6%
be
81.5%
never
79.9%
never
79.9%
we
77.8%
we
77.8%
we
77.8%
to
75.9%
to
75.9%
do
74.8%
what
74.8%
do
74.8%
what
74.8%
You
73.1%
you
73.1%
you
73.1%
in
71.1%
in
71.1%
forget
69.3%
One of Us
% Correct
forgive...
68.5%
so
67.9%
But
67.8%
Born
66.9%
Now
65.7%
him
65.6%
him
65.6%
cannot
65.5%
know
65.2%
know
65.2%
know
65.2%
lied
65%
hate
64.7%
run
64.6%
See
64.4%
See
64.4%
Let
64.4%
Let
64.4%
once
64%
we're
63.9%
Raised
63.4%
he's
61.8%
live
61.7%
that
60.8%
later
60%
later,
60%
Someone
59.2%
part
58.3%
blind
58.1%
he'll
57.9%
has
57.5%
done
57.2%
would
56.7%
been
56.6%
fate
56.5%
agitator
54.6%
agitator!
54.6%
defy
53.7%
our
52.8%
Helpless
51.9%
kind
50.9%
grief
50.4%
go
48.2%
outsider
46.1%
these
43.9%
back
43.5%
types
41.5%
your
38%
with
37.8%
leave
36.1%
just
35.2%
Traitor,
32.9%
alone!
32.5%
own
32.5%
Quiz Playlist
Details
Report
Send in Message
Add To Playlist
Classic:
Type in answers that appear in a list
Last Updated: Feb 16, 2017
Quiz Scoreboard
CHALLENGE
Sign Up to Join the Scoreboard
Show All
Scores
Hide
Comments
May contain spoilers
Recently Published
1-10 Letter E Words III
by El_Dandy
Language
2m
Street Fighter Characters
by Artimus82
Gaming
60s
College Basketball Coaching Resumes
by pancakes188
Sports
9m
More to Explore
Quiz From the Vault
Featured Blog Post
Where Did the Easter Bunny Come From?
hide this ad
You Might Also Like...
Tags
King
lion
The Lion King
Today's Top Quizzes in Music
Browse Music
hide this ad
Today's Top Quizzes in King
Browse King
Top Contributed Quizzes in Music
1
Taylor Swift All Songs (2024)
2
Taylor Swift Logic Puzzle
3
Guess the Artist- 70s Songs
4
7-to-1: Billboard Hot 100 #1 Hits of 2010s
5
Sorting Albums and Songs
6
KPOP LOGIC QUIZ
7
Billboard Blitz: Aretha Franklin
8
Guess the Taylor Swift song (Mystery Song)
9
Guess The Taylor Swift Lyrics Song #1
10
Billboard Blitz: ABBA
Explore More
Trending Topics
Harry Potter
Kpop
Disney
Crossword
NBA
Anime
Marvel
NFL
Song
Country
The Office
Soccer
Puzzle
WWE
Pokémon
hide this ad
More By:
SporcleEXP
Quiz
Plays
Rating
Category
Featured
Created
Harry Potter Deaths in Order Minefield
3,068,640
4.18
Literature
Jan 27, 2016
Sins, Dwarfs, and Spice Girls
847,295
4.42
Just For Fun
Apr 11, 2012
Ancient History Bunker
708,234
4.28
History
Jan 20, 2014
Movie Posters VI
679,067
4.37
Movies
Nov 12, 2010
Movie Posters VII
621,889
4.44
Movies
Apr 16, 2011
Go to Creator's Profile
Score Distribution
Quiz Creator Spotlight
SporcleEXP
Follow
Send a Message
Quizzes Created
-
Created Quiz Play Count
-
More By This Creator
Popular Quizzes Today
1
Find the US States - No Outlines Minefield
2
Find the Countries of Europe - No Outlines Minefield
3
The Countries of the World
4
Find the US States
5
Risky Map Clicking: Biggest States A-Z
6
US States
7
Popular People in 1961
8
Movies - When Are They Set?
More Music Quizzes
Word Ladder: Sound of Music
Curator's Pick
Trending Quizzes
Risky Map Clicking: Least Populous States A-Z
1-10 Letter G Words
USA Borders Longest to Shortest
1-10 Letter F Words
Countries of the World: 200 Million BC
Recently Updated
Leaping Animals
pecheneg
Reality TV Shows (A-Z)
bhenderson79
Rickey Henderson's Hall of Fame Teammates
pecheneg
Champions League XIs: Arsenal
pecheneg
Quick Pick: Celebrities in WWE's Hall of Fame
aduchscher
A-Z Keypad Blitz II
pecheneg
Multiple Oscar Actors
pecheneg
Mystery Phrase Blitz: Oscar 'Best Actors'
pecheneg
F. Scott Fitzgerald Novels
LTH
Pick 3 Villains
ddd62291
Trending Topics
Kpop
Disney
NBA
Harry Potter
Crossword
Anime
Marvel
WWE
The Office
Puzzle
Pokémon
Soccer
NFL
Song
Country
Your Account Isn't Verified!
In order to create a playlist on Sporcle, you need to verify the email address you used during registration. Go to your
Sporcle Settings
to finish the process.
Report this User
Report this user for behavior that violates our
Community Guidelines
.
Details:
Send Report
Go to the Sporcle.com Mobile Site →
Comments